Rozvoj cestovného ruchu v mikroregióne Uličská dolina bakalárska práca

Guardado en:
Detalles Bibliográficos
Autor principal: Ivanová, Alžbeta
Autor Corporativo: Podnikovohospodárska fakulta EU so sídlom v Košiciach. Katedra marketingu a obchodu
Otros Autores: Ručinský, Rastislav
Formato: Libro
Lenguaje:eslovaco
Publicado: Košice 2012
Etiquetas: Agregar Etiqueta
Sin Etiquetas, Sea el primero en etiquetar este registro!

MARC

LEADER 00000nbm a2200000 4500
001 0155521
005 20161109111857.5
041 0 |a slo 
044 |a SK 
245 1 0 |a Rozvoj cestovného ruchu v mikroregióne Uličská dolina  |b bakalárska práca  |c Alžbeta Ivanová ; školiteľ: Rastislav Ručinský 
264 1 |a Košice  |c 2012 
300 |a 65 s. 
100 1 |a Ivanová, Alžbeta 
700 1 |a Ručinský, Rastislav 
710 2 |a Podnikovohospodárska fakulta EU so sídlom v Košiciach. Katedra marketingu a obchodu